00578 2200217 4500001002100000005001700021008004100038035002400079082001300103090002000116100002100136245005100157250001100208260003700219300002500256650002800281850001500309980001500324985000600339999001500345YOGYA-0209000004122720090227025740.0 ind  0010-020900000041227 a959.8021 a959.8021bKan J aKANTOR STATISTIK aJawa Tengah dalam angka 1986cKantor statistik aCet. 1 aSemarangbKantor Statistikc1986 a489 hlmbilusc21 cm aJawa Tengah - Statistik aYOPDYOG(B) a20-01-2008 a1 a07A0027465